1944 1718 1829 1663 1646 1836 1132 1969 1332 1481 1643 1180 1503 1238 1221 1975 1495 1028 1293 1130 1364 1541 1189 1653 1142 1064 1600 1115 1420 1750 1418 1806 1416 1236 1525 1648 1334 1386 1698 1044 1172 1626 1354 1874 1096 1415 1348 1427 1054 1473 1029 1469 1309 1887 1894 1848 1040 1837 1215 1169 1333 1827 1805 1446 1917 1438 1039 1310 1761 1356 1127 1720 1678 1564 1266 1205 1317 1281 1285 1980 1647 1148 1324 1035 1655 1740 1596 1952 1015 1167 1247 1882 1405 1686 1891 1893 1083 1223 1499 BCNSPRNW ULIB Ver.6.0+V

เปลี่ยนเป็นภาษาไทย

Change to English
 แสดงรายละเอียดบรรณานุกรม
  กลับหน้าหลัก

Brief Record : Get Marc (ISO 2709) : E-mail record : QR code < ปิดหน้าต่าง
LEADER : 00000nam 2200000uu 4500
001    13399123460
003     ULIB
008    020711s2555 th a 000 0 tha d
020    9786167322445
060    WG169^bจ154ศ
100    จรัญ สายะสถิตย์
245    ศัลยศาสตร์โรคหัวใจที่พบบ่อย =^bCommon cardiac surgery /^cเรียบเรียงโดย จรัญ สายะสถิตย์
250    พิมพ์ครั้งที่ 1
260    กรุงเทพฯ :^bศูนย์โรคหัวใจ คณะแพทยศาสตร์ มหาวิทยาลัยนเรศวร,^c2555
300    136 หน้า;^b29.5 ซม.
650    โรคหัวใจ^xศัลยศาสตร์
710    มหาวิทยาลัยนเรศวร.^bคณะแพทยศาสตร์.^bศูนย์โรคหัวใจ
945    ^p250^l0^i20756
945    ^p250^l0^i20757
รายการนี้ยังไม่มีแท็ก
คุณยังไม่ได้ล็อกอิน คุณสามารถมีกิจกรรมร่วมกับเว็บไซต์ได้ แต่ต้องล็อกอินก่อน ::
  ล็อกอิน

รายการสื่อสารสนเทศ

ลำดับที่ ประเภท เลขเรียก/บาร์โค้ด สถานที่ สถานะ
1. วิทยาศาสตร์การแพทย์ และสุขภาพ
วิทยาศาสตร์การแพทย์ และสุขภาพ
สถานะ=หนังสือเก่า
WG169 จ154ศ ฉ.1 
  Barcode: 20756
ห้องสมุดวิทยาเขตนครสวรรค์
►ส่วนจัดเก็บหนังสือเก่า นว.
บนชั้น
  ขอยืม
2. วิทยาศาสตร์การแพทย์ และสุขภาพ
วิทยาศาสตร์การแพทย์ และสุขภาพ
สถานะ=หนังสือเก่า
WG169 จ154ศ ฉ.2 
  Barcode: 20757
ห้องสมุดวิทยาเขตนครสวรรค์
►ส่วนจัดเก็บหนังสือเก่า นว.
บนชั้น
  ขอยืม

รายการใกล้เคียง
    ผู้แต่ง [จรัญ สายะสถิตย์]

BibComment


ยังไม่เคยถูกคอมเมนท์

คอมเมนท์ทรัพยากรรายการนี้
  คอมเมนท์: ศัลยศาสตร์โรคหัวใ..


 Copyright 2026. Bcnsprnw @Library